| 000 | 00833nam a2200205 a 4500 | ||
|---|---|---|---|
| 008 | 120416s1972 ||||||||||||||||| || u | ||
| 020 | _a0713132663 | ||
| 050 | _aTA 418.34 Joh | ||
| 100 | _aJohnson, W. (William), 1922- | ||
| 245 | 1 | 0 | _aImpact strength of materials |
| 260 |
_aLondon _bEdward Arnold _c1972 |
||
| 300 | _axiii, 361 pages : illustrations | ||
| 350 | _a0.00 | ||
| 500 | _aIncludes bibliographical references. | ||
| 650 | 0 | _aSTRENGTH OF MATERIALS | |
| 650 | _aMETALS | ||
| 650 | _aIMPACT | ||
| 995 |
_aANNEX COLLECTION (Main Library) _D0.00 _e716518 _FCBU-MAIN LIBRARY (Kitwe) _H1 _I13.00 _jTA 418.34 Joh _M2 _UAVAILABLE _y014858 _ZAnnex Low-Usage Collection |
||
| 995 |
_aANNEX COLLECTION (Main Library) _D0.00 _e716517 _FCBU-MAIN LIBRARY (Kitwe) _H2 _I13.00 _jTA 418.34 Joh _M1 _UAVAILABLE _y014857 _ZAnnex Low-Usage Collection |
||
| 999 |
_c76424 _d76424 |
||